000 01734nam0a2200313 4500
001 RU\NLR\bibl\68354
005 20260406074054.0
021 _aRU
_b1998-23908
_91134
035 _a(NLR Aleph) 000066673
090 _a365775
_c365775
100 _a20000203d1998 |||y0rusy50 ca
101 0 _arus
102 _aRU
105 _aa z |||||
200 1 _aЭколого-экономические вопросы земледелия и землепользования
_fВ.В. Кузнецов, В.А. Грачев, А.Н. Тарасов и др.
_gРос. акад. с.-х. наук, Всерос. НИИ экономики и нормативов
210 _aРостов н/Д
_cВНИИЭиН
_d1998
215 _a91 с.
_cсхем.
_d21
320 _aБиблиогр.: с. 77-80 (38 назв.) и в подстроч. примеч.
606 0 _aЗемлепользование
_xЭкологические исследования
_92098700
_3RU\NLR\auth\661269550
686 _aУ28(2)532
701 1 _4070
_8rus
_7ca
_aКузнецов
_bВ. В.
_f1940-
_cд-р экон. наук, сел. хоз-во
_gВладимир Васильевич
_3RU\NLR\AUTH\7726031
_99075
701 1 _4070
_8rus
_7ca
_aГрачев
_bВ.А.
_cд-р экон. наук, экономика земледелия
_gВладимир Александрович
_3RU\NLR\auth\7734898
_917897
701 1 _4070
_8rus
_7ca
_aТарасов
_bА. Н.
_cканд. экон. наук, сел. хоз-во
_f1958-
_gАлександр Николаевич
_3RU\NLR\auth\7733020
_916028
801 0 _aRU
_bNLR
_c20000203
_gPSBO
801 1 _aRU
_bNLR
_c20000203
852 _aNLR
_j99-4/9262
942 _cBOOK
980 _aNB